El extranjero /

Guardado en:
Autor Principal: Camus, Albert.
Otros Autores: del Carril, Bonifacio; trad.
Formato: Libro
Idioma:Undetermined
Publicado: Buenos Aires : Hyspamerica, 1983.
Edición:1a ed.
Series:Historia Universal de la Literatura ; 32
Materias:
Etiquetas: Agregar Etiqueta
Sin Etiquetas, Sea el primero en etiquetar este registro!
LEADER 00664nam a22002175a 4500
001 CEM.cems024459
008 250206s1983####ag############000#0#und#d
005 20250206132800.0
245 1 0 |a El extranjero /  |c Albert Camus. 
250 |a 1a ed. 
260 |a Buenos Aires :  |b Hyspamerica,  |c 1983. 
300 |a 167 p. 
490 1 |a Historia Universal de la Literatura ;  |v 32 
500 |a Título original: L'Etranger. 
020 |a 950614043X 
100 1 |a Camus, Albert. 
700 1 |a del Carril, Bonifacio; trad. 
653 |a Novela francesa 
653 |a Existencialismo 
653 |a Literatura francesa 
859 |a CEMS  |b BIB. CEMS - 11 de abril  |h 843.9  |i C159-4  |p 29731.24  |t Ej.1